000
00238nam a2200097Ia 4500
001
705795
005
20250826162437.0
008
250824s9999 xx 000 0 und d
245
0
_a
YANGIN MERDİVENİ
_c
A.ALİ URAL
260
_b
ŞULE YAYINLARI
999
_c
705795
_d
705795